000 00422nam a2200169Ia 4500
008 230524s9999 xx 000 0 und d
082 _a658.45
_bHOR
100 _aCharles T.Horngren
245 0 _aIntroduction to Management Accounting
250 _a10TH
260 _aNEW DELHI
_bPHI
_c1998
300 _aXXII;827
500 _aQuantity Number: 3
650 _aManagement
700 _a Gary L.Sundrem
942 _cBK
999 _c14748
_d14748